000 01009cam a2200349 4500
001 35868
003 DO-SdBNP
005 20171211100142.0
007 35868
008 080421s2007 sp | |||| 000 f spa
010 _a 35868
015 _a
017 _a
_b
020 _a9788466320610
035 _a
040 _aBPMSU
_bspa
_cBPMSU
_e
080 _a
082 4 _a863.6
_bP438a
092 _a
_b
100 1 _aPérez-Reverte, Arturo
_d1951-
245 1 0 _aCabo Trafalgar :
_h
_bun relato naval /
_cArturo Pérez-Reverte
260 _aMadrid :
_bEdiciones Santillana,
_c2007
300 _a261 p.;
_c19 cm
490 1 _aBiblioteca Arturo Pérez-Reverte
_a Punto de lectura
_v1
650 4 _aNOVELA ESPAÑOLA
650 4 _aLITERATURA ESPAÑOLA
830 _aBiblioteca Arturo Pérez-Reverte
_pPunto de lectura
_v1
910 _aValidado. Control de calidad MFF
942 _2ddc
_cBK
945 _aIvnentariado extranjero / 2017 VM
956 _aVMATEO
_b10
_c20160803
_dBPMSU
999 _c11084
_d11084